Statistics for WWE finishers

Click here to take the quiz!

General Stats

  • This quiz has been taken 80 times
  • The average score is 22 of 35

Answer Stats

wrestlerAnswer% Correct
john cenaattitude adjustment
93%
dean ambrosedirty deeds
83%
seth rollinscurb stomp
80%
rockrock bottom
80%
roman reignsspear
80%
undertakertombstone piledriver
80%
kofi kingstontrouble in paradise
80%
dolph zigglerzig zag
80%
bray wyattsister abigail
76%
stone cold steve austinstunner
76%
shawn michaelssweet chin music
76%
cm punkgo to sleep
73%
rey mysterio619
71%
kanechokeslam
71%
brock lesnarf5
68%
triple hpedigree
68%
sami zaynhelluva kick
63%
mark henryworlds strongest slam
63%
aj stylesstyles clash
61%
alexa blisstwisted bliss
61%
sheamusbrogue kick
59%
kevin owenspop up powerbomb
59%
randy ortonrko
59%
mizskull crushing finale
59%
big showko punch
56%
nevillered arrow
51%
braun strowmanrunning power slam
49%
ronda "rowdy" rouseyarmbar
46%
samoa joecoquina clutch
46%
drew mcyntireclaymore kick
44%
shinsuke nakamurakinshasa
44%
nia jaxsamoan drop
41%
bobby roodeglorious ddt
39%
nikki bellarack attack 2.0
34%
jeff hardytwist of fate
27%

Score Distribution

Percentile by Number Answered

Percent of People with Each Score

Your Score History

You have not taken this quiz